Belangrijkste genocides in de 20ste eeuw - Statistieken

Algemene statistieken
  • Deze quiz is 11 keer genomen
  • De gemiddelde score is 3 van 9
Antwoordstatistieken
Hint Antwoord % Correct
Doelwit Joden
100%
Plaats Rwanda
44%
Doelwit Tutsi
44%
Datum 1994
33%
Datum 1941-1945
11%
Doelwit Armeense Christenen
11%
Plaats Bezette gebieden door nazi's
11%
Plaats Ottomaanse rijk
11%
Datum 1915-1920
0%
Geen overeenkomende quizzen gevonden
Scoreverdeling
Procent van Mensen met Elke Score
Percentiel versus Aantal Correcte Antwoorden
Uw Scoregeschiedenis
U heeft deze quiz nog niet genomen